| 000 | 00406nam a2200157Ia 4500 | ||
|---|---|---|---|
| 008 | 151213s9999 xx 000 0 und d | ||
| 100 | _aLawrance J. Gitman | ||
| 245 |
_aPrinciples of Managerial Finance _cLawrance J. Gitman |
||
| 250 | _a10th | ||
| 260 |
_aDelhi _bPearson Education _c2007 |
||
| 300 | _a4213 p. | ||
| 650 | _aFinance | ||
| 650 | _aFinance | ||
| 700 | _aLawrance J. Gitman | ||
| 999 |
_c2637 _d2637 |
||